01789nam a2200349 i 450000100060000000300090000600500170001500700030003200800410003502000180007608000310009408000170012524501150014226000340025730000400029149000260033150400320035750504620038965000410085165000390089265000400093165000370097165500380100870000410104670000500108770000530113770000540119083000340124485200220127899900170130095201220131753996ES-MaACL20250825062628.0t|031120s2002 sp f |||| |dspa d a84-9740-023-2 a821.134.2-34"18/19"(082.2) a791.43(0:82)00aCuentos de cine / cVicente Blasco Ibáñez ... [et al.] ; edición a cargo de Jesús Fernández Vallejo. aMadrid : bCastalia, c[2002] a209 p., [6] p. de lám. ; c19 cm.1 aCastalia prima ; v19 aBibliografía: p. 205-208.0 aLa vieja del cinema / Vicente Blasco Ibáñez . Una película del "Quijote" / Serafín y Joaquín Álvarez Quintero . Polar, estrella / Francisco Ayala . La oficina / Carmen Martín Gaite . Cinema Ideal / Rafael Azcona . El doble / Jesús Fernández Santos . El niño lobo del Cine Mari / José María Merino . Adiós, Antinea / Marina Mayoral . Un paciente impaciente / Gonzalo Suárez . Los mejores años de nuestra vida / José Luis Garci 4aCuentos españoles-yS.XIX.9172955 4aCuentos españoles-yS.XX.911487 4aCuentos-vLibros infantiles.911478 4aCine-xEn la literatura.9173375 7aLibros infantiles2tgfbne92267861 aFernández Vallejo, Jesús.9501411 aBlasco Ibáñez, Vicente,d1867-19289293881 aÁlvarez Quintero, Joaquín,d1873-19449209221 aÁlvarez Quintero, Serafín,d1871-193892264431 aCastalia prima ; v1991824814 aES-MaACLjL-26681 c53996d53996 00104070aATENEOMbATENEOMcDEPO2d2008-01-17eSCl0oL-26681p1056748r2023-02-23 00:00:00w2023-02-23yMONOGRAFIA